<?xml version="1.0" encoding="UTF-8"?>
<record
    xmlns:xsi="http://www.w3.org/2001/XMLSchema-instance"
    xsi:schemaLocation="http://www.loc.gov/MARC21/slim http://www.loc.gov/standards/marcxml/schema/MARC21slim.xsd"
    xmlns="http://www.loc.gov/MARC21/slim">

  <leader>00918nam a22002057a 4500</leader>
  <datafield tag="999" ind1=" " ind2=" ">
    <subfield code="c">63262</subfield>
    <subfield code="d">63262</subfield>
  </datafield>
  <controlfield tag="005">20250710104521.0</controlfield>
  <controlfield tag="008">250710s2019    en ||||| |||| 00| 0 eng d</controlfield>
  <datafield tag="020" ind1=" " ind2=" ">
    <subfield code="a">9780190640484 X</subfield>
  </datafield>
  <datafield tag="041" ind1=" " ind2=" ">
    <subfield code="a">eng</subfield>
  </datafield>
  <datafield tag="080" ind1=" " ind2=" ">
    <subfield code="a">342.4 A-30</subfield>
  </datafield>
  <datafield tag="100" ind1=" " ind2=" ">
    <subfield code="a"> Albert, Richard,</subfield>
    <subfield code="9">25634</subfield>
  </datafield>
  <datafield tag="245" ind1=" " ind2=" ">
    <subfield code="a">Constitutional amendments :</subfield>
    <subfield code="b">making, breaking, and changing constitutions /</subfield>
    <subfield code="c"> Richard Albert.</subfield>
  </datafield>
  <datafield tag="264" ind1=" " ind2=" ">
    <subfield code="a">New York :</subfield>
    <subfield code="b">Oxford University Press,</subfield>
    <subfield code="c">2019.</subfield>
  </datafield>
  <datafield tag="300" ind1=" " ind2=" ">
    <subfield code="a">x, 338 pages ;</subfield>
    <subfield code="b"> 25 cm.</subfield>
  </datafield>
  <datafield tag="521" ind1=" " ind2=" ">
    <subfield code="a">Includes bibliographical references (pages 273-321) and index</subfield>
  </datafield>
  <datafield tag="653" ind1=" " ind2=" ">
    <subfield code="a">Constitutional amendments : making, breaking, and changing constitutions </subfield>
  </datafield>
  <datafield tag="653" ind1=" " ind2=" ">
    <subfield code="a">&#x10D9;&#x10DD;&#x10DC;&#x10E1;&#x10E2;&#x10D8;&#x10E2;&#x10E3;&#x10EA;&#x10D8;&#x10E3;&#x10E0;&#x10D8; &#x10EA;&#x10D5;&#x10DA;&#x10D8;&#x10DA;&#x10D4;&#x10D1;&#x10D4;&#x10D1;&#x10D8;: &#x10D9;&#x10DD;&#x10DC;&#x10E1;&#x10E2;&#x10D8;&#x10E2;&#x10E3;&#x10EA;&#x10D8;&#x10D4;&#x10D1;&#x10D8;&#x10E1; &#x10E8;&#x10D4;&#x10E5;&#x10DB;&#x10DC;&#x10D0;, &#x10D3;&#x10D0;&#x10E0;&#x10E6;&#x10D5;&#x10D4;&#x10D5;&#x10D0; &#x10D3;&#x10D0; &#x10E8;&#x10D4;&#x10EA;&#x10D5;&#x10DA;&#x10D0;</subfield>
  </datafield>
  <datafield tag="653" ind1=" " ind2=" ">
    <subfield code="a">&#x10E1;&#x10D0;&#x10DB;&#x10D0;&#x10E0;&#x10D7;&#x10D0;&#x10DA;&#x10D8;</subfield>
  </datafield>
  <datafield tag="942" ind1=" " ind2=" ">
    <subfield code="2">udc</subfield>
    <subfield code="c">&#x1CAC;&#x1C98;&#x1C92;&#x1C9C;&#x1C98;</subfield>
  </datafield>
  <datafield tag="952" ind1=" " ind2=" ">
    <subfield code="0">0</subfield>
    <subfield code="1">0</subfield>
    <subfield code="2">udc</subfield>
    <subfield code="4">0</subfield>
    <subfield code="6">3424_A30</subfield>
    <subfield code="7">0</subfield>
    <subfield code="9">103664</subfield>
    <subfield code="a">CPL</subfield>
    <subfield code="b">CPL</subfield>
    <subfield code="c">GEN</subfield>
    <subfield code="d">2025-07-10</subfield>
    <subfield code="g">333.00</subfield>
    <subfield code="o">342.4 A-30</subfield>
    <subfield code="p">72090</subfield>
    <subfield code="r">2025-07-10</subfield>
    <subfield code="t">72090</subfield>
    <subfield code="w">2025-07-10</subfield>
    <subfield code="y">&#x1CAC;&#x1C98;&#x1C92;&#x1C9C;&#x1C98;</subfield>
    <subfield code="z">333.00</subfield>
  </datafield>
  <datafield tag="952" ind1=" " ind2=" ">
    <subfield code="0">0</subfield>
    <subfield code="1">0</subfield>
    <subfield code="2">udc</subfield>
    <subfield code="4">0</subfield>
    <subfield code="6">3424_A30</subfield>
    <subfield code="7">0</subfield>
    <subfield code="9">103665</subfield>
    <subfield code="a">CPL</subfield>
    <subfield code="b">CPL</subfield>
    <subfield code="c">GEN</subfield>
    <subfield code="d">2025-07-10</subfield>
    <subfield code="g">333.00</subfield>
    <subfield code="o">342.4 A-30</subfield>
    <subfield code="p">72091</subfield>
    <subfield code="r">2025-07-10</subfield>
    <subfield code="t">72091</subfield>
    <subfield code="w">2025-07-10</subfield>
    <subfield code="y">&#x1CAC;&#x1C98;&#x1C92;&#x1C9C;&#x1C98;</subfield>
    <subfield code="z">333.00</subfield>
  </datafield>
  <datafield tag="952" ind1=" " ind2=" ">
    <subfield code="0">0</subfield>
    <subfield code="1">0</subfield>
    <subfield code="2">udc</subfield>
    <subfield code="4">0</subfield>
    <subfield code="6">3424_A30</subfield>
    <subfield code="7">0</subfield>
    <subfield code="9">103666</subfield>
    <subfield code="a">CPL</subfield>
    <subfield code="b">CPL</subfield>
    <subfield code="c">GEN</subfield>
    <subfield code="d">2025-07-10</subfield>
    <subfield code="g">333.00</subfield>
    <subfield code="o">342.4 A-30</subfield>
    <subfield code="p">72092</subfield>
    <subfield code="r">2025-07-10</subfield>
    <subfield code="t">72092</subfield>
    <subfield code="w">2025-07-10</subfield>
    <subfield code="y">&#x1CAC;&#x1C98;&#x1C92;&#x1C9C;&#x1C98;</subfield>
    <subfield code="z">333.00</subfield>
  </datafield>
</record>
